[Event "msr_zs_ss_201819"]
[Site "?"]
[Date "2019.03.26"]
[Round "1.1"]
[White "Ondo, Tomas"]
[Black "Ucekajova, Veronika"]
[Result "1-0"]
[WhiteElo "1844"]
[BlackElo "1657"]
[PlyCount "109"]
[EventDate "2019.??.??"]
[WhiteClock "0:00:26"]
[BlackClock "0:00:26"]

1. d4 Nf6 2. Bf4 g6 3. Nc3 Bg7 4. e4 d6 5. Qd2 O-O 6. O-O-O a6 7. Bh6 b5 8.
Bxg7 Kxg7 9. f3 Bb7 10. h4 b4 11. Nb1 a5 12. h5 gxh5 13. Qg5+ Kh8 14. e5 Rg8
15. Qh4 Nfd7 16. Qxh5 Rg7 17. Bd3 Qg8 18. exd6 cxd6 19. g4 Nf6 20. Qh3 Ba6 21.
Bxa6 Nxa6 22. Ne2 Rc8 23. Nf4 a4 24. Qf1 b3 25. axb3 axb3 26. c3 Nb4 27. Qb5
Rb8 28. Qc4 Nc2 29. Qd3 Qd8 30. Rh6 Kg8 31. Rdh1 e5 32. Nh5 Nxh5 33. R1xh5 Kf8
34. Rxh7 Rxh7 35. Qxh7 Ke7 36. dxe5 Qb6 37. exd6+ Qxd6 38. Qe4+ Qe6 39. Re5 Rh8
40. Rxe6+ fxe6 41. Kd2 Rh2+ 42. Kd3 Rh1 43. Nd2 Ne1+ 44. Kc4 Nc2 45. f4 Re1 46.
Qh7+ Kd6 47. Qd3+ Ke7 48. Qh7+ Kd6 49. Ne4+ Kc6 50. Kxb3 Ne3 51. Qe7 Nxg4 52.
Qd6+ Kb7 53. Nc5+ Ka8 54. Qa6+ Kb8 55. Qb7# 1-0

[Event "msr_zs_ss_201819"]
[Site "?"]
[Date "2019.03.26"]
[Round "1.2"]
[White "Vasilova, Karolina"]
[Black "Ihnat, Marek"]
[Result "0-1"]
[WhiteElo "1000"]
[BlackElo "1753"]
[PlyCount "72"]
[EventDate "2019.??.??"]
[WhiteClock "0:00:12"]
[BlackClock "0:00:11"]

1. e4 c5 2. Nf3 d6 3. Nc3 Nc6 4. Bb5 Bd7 5. Bxc6 Bxc6 6. d3 Nf6 7. e5 Nd5 8.
exd6 exd6 9. O-O Nxc3 10. bxc3 Be7 11. Re1 O-O 12. d4 Bf6 13. Bb2 Qc7 14. d5
Bd7 15. Rb1 Bg4 16. h3 Bh5 17. g4 Bg6 18. c4 Bxb2 19. Rxb2 Qd7 20. Nh4 b6 21.
Nxg6 fxg6 22. c3 Rf7 23. Rbe2 Raf8 24. Rf1 Rf3 25. Re3 R3f4 26. a3 Rxc4 27. f3
Rcf4 28. Re4 Qf7 29. c4 Qd7 30. Qc1 Rxf3 31. Rxf3 Rxf3 32. Re3 Rf7 33. Qe1 Kf8
34. Qe2 Re7 35. Rf3+ Kg8 36. Qf2 Rf7 0-1

[Event "msr_zs_ss_201819"]
[Site "?"]
[Date "2019.03.26"]
[Round "1.3"]
[White "Polak, Marcel"]
[Black "Kollar, Denis"]
[Result "1-0"]
[WhiteElo "1550"]
[BlackElo "1145"]
[PlyCount "88"]
[EventDate "2019.??.??"]
[WhiteClock "0:02:24"]
[BlackClock "0:00:59"]

1. d4 d5 2. Bf4 Bf5 3. e3 Nf6 4. c4 c6 5. Qb3 Qa5+ 6. Nc3 b6 7. Nf3 Nbd7 8. Be2
e6 9. O-O Be7 10. cxd5 Nxd5 11. Nxd5 Qxd5 12. Bc4 Qa5 13. Rac1 b5 14. Be2 Qb6
15. Ne5 Nxe5 16. Bxe5 O-O 17. Bf3 Rac8 18. a4 a6 19. axb5 Qxb5 20. Qc4 Qxc4 21.
Rxc4 Bd3 22. Ra4 Bxf1 23. Kxf1 c5 24. dxc5 Rxc5 25. Bd4 Rc1+ 26. Ke2 Rfc8 27.
Be4 f5 28. Bd3 Ra8 29. b4 Rh1 30. h3 Rh2 31. Kf3 Rb8 32. Be5 Rd8 33. Bxh2 Rxd3
34. Rxa6 Rb3 35. Rxe6 Bxb4 36. Be5 Kf7 37. Rb6 g6 38. Bd6 Ke6 39. Rxb4 Rxb4 40.
Bxb4 Kf6 41. Bc3+ Kg5 42. g3 h5 43. h4+ Kh6 44. Kf4 Kh7 {Ke4} 1-0

[Event "msr_zs_ss_201819"]
[Site "?"]
[Date "2019.03.26"]
[Round "1.4"]
[White "Labaj, Filip"]
[Black "Majirska, Karin"]
[Result "0-1"]
[WhiteElo "1000"]
[BlackElo "1478"]
[PlyCount "78"]
[EventDate "2019.??.??"]
[WhiteClock "0:00:54"]
[BlackClock "0:00:17"]

1. e4 d5 2. exd5 Qxd5 3. Nc3 Qd6 4. Nf3 Nf6 5. d3 a6 6. Be2 Nc6 7. O-O Bf5 8.
Bg5 O-O-O 9. Bxf6 Qxf6 10. Qd2 h6 11. a3 Nd4 12. Nxd4 Rxd4 13. Bf3 Bg4 14. Nd5
Qd6 15. Bxg4+ Rxg4 16. Ne3 Rg6 17. h3 Qe6 18. Rfe1 Qxh3 19. Qe2 e6 20. f3 Bc5
21. Qf2 Bd6 22. Ng4 Rxg4 23. fxg4 Qh2+ 24. Kf1 Bg3 25. Qe3 Bxe1 26. Qxe1 Qf4+
27. Qf2 Qxf2+ 28. Kxf2 Rd8 29. Rf1 Rd5 30. Kg3 f6 31. Rf2 Rb5 32. c4 Re5 33.
Kh4 Kd7 34. g3 Kc6 35. Rf1 Kc5 36. Rf2 Kd4 37. Rf3 Re2 38. Rf4+ Kxd3 39. c5 g5+
0-1

[Event "msr_zs_ss_201819"]
[Site "?"]
[Date "2019.03.26"]
[Round "1.5"]
[White "Panko, Eduard"]
[Black "Volcko, Richard"]
[Result "0-1"]
[WhiteElo "1744"]
[BlackElo "1835"]
[PlyCount "142"]
[EventDate "2019.??.??"]
[WhiteClock "0:00:24"]
[BlackClock "0:00:36"]

1. e4 e5 2. Nf3 Nc6 3. Nc3 Nf6 4. d4 exd4 5. Nd5 h6 6. Nxd4 Bc5 7. Nb5 Nxd5 8.
exd5 Ne5 9. Bf4 d6 10. Bxe5 dxe5 11. Be2 a6 12. Nc3 O-O 13. O-O f5 14. Na4 Ba7
15. b4 b5 16. Nb2 Qd6 17. a3 Bb7 18. c4 bxc4 19. Nxc4 Qxd5 20. Qxd5+ Bxd5 21.
Nxe5 Rfe8 22. Bxa6 Rxe5 23. Bd3 Bd4 24. Rad1 Bb6 25. Kh1 Rxa3 26. f4 Ra2 27.
Rg1 Re8 28. Bb5 Rd8 29. Bc4 Bxg1 30. Bxd5+ Rxd5 31. Rxd5 Ra1 32. g3 g6 33. Kg2
Kf7 34. Rd7+ Ke6 35. Rxc7 Bd4 36. Rc6+ Kf7 37. Rc7+ Kg8 38. Rc8+ Kh7 39. Rc7+
Kg8 40. Rc8+ Kf7 41. Rc7+ Ke8 42. Rc6 g5 43. Rxh6 gxf4 44. gxf4 Ke7 45. Rh7+
Ke6 46. Rh6+ Kd5 47. Rh5 Ke4 48. Rh7 Rg1+ 49. Kh3 Kxf4 50. b5 Rb1 51. Rb7 Ke5
52. Re7+ Kd6 53. Rf7 Ke6 54. Rb7 Rg1 55. Rh7 Kd5 56. b6 Bxb6 57. Rd7+ Ke6 58.
Rb7 Bd4 59. Rh7 Rg6 60. Rh4 Be5 61. Rh5 f4 62. Rh4 f3 63. Ra4 f2 64. Ra6+ Kf5
65. Rxg6 Kxg6 66. Kg2 Bd4 67. Kf1 Kg5 68. Kg2 Kg4 69. Kf1 Kh3 70. Ke2 Kxh2 71.
Kf1 Kg3 0-1

[Event "msr_zs_ss_201819"]
[Site "?"]
[Date "2019.03.26"]
[Round "1.6"]
[White "Ferkova, Dominika"]
[Black "Krizanovsky, Tomas"]
[Result "1-0"]
[WhiteElo "1766"]
[BlackElo "1000"]
[PlyCount "39"]
[EventDate "2019.??.??"]
[WhiteClock "0:09:04"]
[BlackClock "0:08:54"]

1. d4 e5 2. dxe5 Bc5 3. Nf3 Qe7 4. Nc3 Bb6 5. Bg5 Qc5 6. Be3 Qb4 7. Bxb6 cxb6
8. Rb1 Qc4 9. e3 Qg4 10. Nb5 Na6 11. Nd6+ Ke7 12. h3 Qe6 13. Bc4 Qg6 14. Nh4
Qg5 15. Nhf5+ Kd8 16. Nxf7+ Ke8 17. Nxg5 Nh6 18. Qd6 Nxf5 19. Bf7+ Kd8 20. Ne6#
1-0

[Event "msr_zs_ss_201819"]
[Site "?"]
[Date "2019.03.26"]
[Round "1.7"]
[White "Sasarak, Filip"]
[Black "Billy, Benedikt"]
[Result "0-1"]
[WhiteElo "1000"]
[BlackElo "1414"]
[PlyCount "128"]
[EventDate "2019.??.??"]
[WhiteClock "0:03:30"]
[BlackClock "0:08:18"]

1. e4 e5 2. Nc3 Nc6 3. Nf3 Nf6 4. d4 exd4 5. Nd5 Nxd5 6. exd5 Qe7+ 7. Qe2 Qxe2+
8. Bxe2 Bb4+ 9. Bd2 Bxd2+ 10. Nxd2 Nb4 11. O-O-O Nxa2+ 12. Kb1 Nb4 13. Nb3 Nxd5
14. Rxd4 c6 15. Re1 O-O 16. Nd2 Re8 17. Nf3 a5 18. Rdd1 Nf4 19. Nd4 Nxe2 20.
Nxe2 b5 21. Nd4 Rxe1 22. Rxe1 g6 23. g4 Kf8 24. h3 Bb7 25. f4 Re8 26. Rxe8+
Kxe8 27. Kc1 Ke7 28. Kd2 Kd6 29. Ke3 Kd5 30. Nf3 f6 31. h4 h6 32. f5 gxf5 33.
gxf5 Kc4 34. Nh2 h5 35. Kf4 c5 36. Nf1 a4 37. Ng3 b4 38. Nxh5 a3 39. bxa3 bxa3
40. Nxf6 d5 41. h5 a2 42. h6 a1=Q 43. Kg5 Qc1+ 44. Kg6 Qxc2 45. h7 Qh2 46. Kg7
Bc8 47. h8=Q Qxh8+ 48. Kxh8 Bxf5 49. Kg7 d4 50. Nh5 d3 51. Nf4 d2 52. Kf6 Bc2
53. Ne6 d1=Q 54. Ke5 Qd5+ 55. Kf6 Kb5 56. Nf4 Qf5+ 57. Ke7 Qxf4 58. Kd7 Bf5+
59. Ke7 Qe5+ 60. Kf7 Qe6+ 61. Kg7 Qg6+ 62. Kf8 Qh7 63. Ke8 Be6 64. Kd8 Qd7# 0-1

[Event "msr_zs_ss_201819"]
[Site "?"]
[Date "2019.03.26"]
[Round "1.8"]
[White "Roman, Filip"]
[Black "Cinova, Nikoleta"]
[Result "1-0"]
[WhiteElo "1316"]
[BlackElo "1000"]
[PlyCount "83"]
[EventDate "2019.??.??"]
[WhiteClock "0:03:03"]
[BlackClock "0:00:07"]

1. e4 b6 2. d4 Bb7 3. Nc3 d6 4. Nf3 Nd7 5. Bd3 g6 6. O-O Bg7 7. Re1 e6 8. Be3
Ne7 9. Qd2 O-O 10. Rad1 Kh8 11. h3 f6 12. a3 g5 13. Bc4 Ng6 14. d5 e5 15. Kf1
a6 16. a4 b5 17. axb5 Nb6 18. Bxb6 cxb6 19. bxa6 Bxa6 20. Bxa6 Rxa6 21. Nb5 Ra5
22. Qb4 Ra7 23. Nxa7 Rf7 24. Nb5 Ne7 25. Qxd6 Qe8 26. Qxb6 f5 27. Nc7 Rf6 28.
Qxf6 Bxf6 29. Nxe8 Nc8 30. Nxf6 Nb6 31. exf5 Kg7 32. Ne8+ Kh6 33. g4 Nc4 34.
Nc7 Nxb2 35. Rb1 Nc4 36. Ra1 Nb2 37. Ra6+ Kg7 38. Ne8+ Kf7 39. Rb1 Nc4 40. Rb7+
Kf8 41. Nf6 Nb2 42. Ra8# 1-0

[Event "msr_zs_ss_201819"]
[Site "?"]
[Date "2019.03.26"]
[Round "1.9"]
[White "Dudova, Viktoria"]
[Black "Elias, David"]
[Result "0-1"]
[WhiteElo "1000"]
[BlackElo "1454"]
[PlyCount "82"]
[EventDate "2019.??.??"]
[WhiteClock "0:00:14"]
[BlackClock "0:03:41"]

1. e4 c5 2. c3 Nf6 3. d3 Nc6 4. Nf3 d5 5. Nbd2 g6 6. d4 dxe4 7. Ng5 cxd4 8. Nb3
e5 9. f4 exf3 10. gxf3 Bg7 11. f4 O-O 12. fxe5 Re8 13. cxd4 Bg4 14. Be2 Bxe2
15. Qxe2 Nxd4 16. Nxd4 Qxd4 17. Qd2 Rxe5+ 18. Kf1 Qxd2 19. Bxd2 Rf5+ 20. Ke1
Re8+ 21. Kd1 Ng4 22. Re1 Nf2+ 23. Kc1 Nd3+ 24. Kc2 Nxe1+ 25. Rxe1 Rxe1 26. Bxe1
Rxg5 27. Bd2 Rg2 28. a3 Bh6 29. h3 Rxd2+ 30. Kc1 Kf8 31. b3 Ke7 32. b4 Kd6 33.
a4 Kd5 34. b5 Kc4 35. h4 Kc3 36. Kb1 Rd1+ 37. Ka2 Kc2 38. Ka3 Bf8+ 39. Ka2 Rb1
40. a5 Rxb5 41. Ka1 Rxa5# 0-1

[Event "msr_zs_ss_201819"]
[Site "?"]
[Date "2019.03.26"]
[Round "1.10"]
[White "Cuker, Oliver"]
[Black "Duda, Filip"]
[Result "1-0"]
[WhiteElo "1328"]
[BlackElo "1091"]
[PlyCount "59"]
[EventDate "2019.??.??"]
[WhiteClock "0:04:49"]
[BlackClock "0:02:55"]

1. c4 e5 2. Nc3 Nc6 3. Nf3 Nf6 4. d3 Bc5 5. g3 d6 6. Bg2 Bf5 7. O-O O-O 8. Bd2
Ng4 9. Rb1 Nxf2 10. Rxf2 Bxf2+ 11. Kxf2 Nb4 12. a3 Nxd3+ 13. exd3 Bxd3 14. Rc1
c6 15. Bf1 Qb6+ 16. Kg2 Bf5 17. Na4 Qc7 18. Nc3 e4 19. Nd4 e3 20. Nxf5 exd2 21.
Qxd2 Qd7 22. Qf4 c5 23. Nxd6 Qc6+ 24. Nd5 Rad8 25. Ne4 f5 26. Ne7+ Kh8 27. Nxc6
fxe4 28. Qxe4 bxc6 29. Bd3 Rd4 30. Qxh7# 1-0

[Event "msr_zs_ss_201819"]
[Site "?"]
[Date "2019.03.26"]
[Round "1.11"]
[White "Ruzova, Valeria"]
[Black "Magda, Filip"]
[Result "0-1"]
[WhiteElo "1000"]
[BlackElo "1182"]
[PlyCount "62"]
[EventDate "2019.??.??"]
[WhiteClock "0:00:13"]
[BlackClock "0:03:13"]

1. e4 c5 2. Bc4 Nc6 3. Qf3 Nf6 4. Qe2 g6 5. Bb3 Bg7 6. Qc4 O-O 7. Nf3 d6 8. e5
dxe5 9. Ng5 e6 10. Qh4 Bd7 11. O-O Qc7 12. Re1 Nd4 13. Re4 a5 14. d3 a4 15. Bc4
Nxc2 16. Rf4 h5 17. Nf3 exf4 18. Bxf4 Qc8 19. Nbd2 Nxa1 20. Ne5 b5 21. Ndf3
bxc4 22. dxc4 Qb7 23. Ng5 Qxb2 24. h3 Qd4 25. Ng4 Nxg4 26. hxg4 Qxf4 27. g3
Qc1+ 28. Kg2 Bc6+ 29. Nf3 Bxf3+ 30. Kxf3 Qc3+ 31. Kg2 Qxc4 0-1

[Event "msr_zs_ss_201819"]
[Site "?"]
[Date "2019.03.26"]
[Round "1.12"]
[White "Cukerova, Livia"]
[Black "Tokarova, Patricia"]
[Result "1/2-1/2"]
[WhiteElo "1369"]
[BlackElo "1000"]
[PlyCount "149"]
[EventDate "2019.??.??"]
[WhiteClock "0:02:38"]
[BlackClock "0:01:00"]

1. d4 e6 2. e4 d5 3. exd5 exd5 4. Nf3 Qe7+ 5. Be2 Nc6 6. O-O Bf5 7. Nc3 Nf6 8.
Bf4 Qd7 9. Qd2 Bb4 10. a3 Bxc3 11. Qxc3 O-O 12. Rfe1 Ne4 13. Qe3 Rae8 14. Ne5
Nxe5 15. Bxe5 Nd6 16. Qg5 Bg6 17. Bxd6 Qxd6 18. c3 h6 19. Qg4 Re4 20. Rad1 Rxg4
21. Bxg4 Be4 22. f3 Bc2 23. Rd2 Bg6 24. Rde2 f6 25. Be6+ Bf7 26. Bxf7+ Kxf7 27.
Re7+ Qxe7 28. Rxe7+ Kxe7 29. b4 Re8 30. Kf2 f5 31. Ke2 Kf6+ 32. Kd3 f4 33. c4
c6 34. Kc3 dxc4 35. Kxc4 Re6 36. Kc5 b6+ 37. Kc4 a5 38. bxa5 bxa5 39. Kb3 Re3+
40. Ka4 Rd3 41. Kxa5 Rxd4 42. a4 Rd5+ 43. Kb4 c5+ 44. Kb5 c4+ 45. Kxc4 Rd8 46.
Kb5 Rb8+ 47. Ka5 g5 48. Ka6 Ra8+ 49. Kb5 Ke7 50. a5 Kd7 51. Kb6 Kc8 52. a6 Kb8
53. a7+ Rxa7 54. g3 fxg3 55. hxg3 Rb7+ 56. Kc6 Rc7+ 57. Kd5 Rd7+ 58. Ke4 Rf7
59. Ke3 Rg7 60. Kf2 g4 61. fxg4 Rxg4 62. Kg2 h5 63. Kh3 Rg5 64. Kh4 Rg6 65. Kh3
Rh6 66. Kh4 Kc7 67. Kh3 Kd6 68. Kh4 Ke6 69. Kg5 h4 70. gxh4 Rh7 71. h5 Kf7 72.
h6 Kg8 73. Kh5 Kh8 74. Kg5 Rxh6 75. Kxh6 1/2-1/2

[Event "msr_zs_ss_201819"]
[Site "?"]
[Date "2019.03.26"]
[Round "1.13"]
[White "Chlpek, Daniel"]
[Black "Alusik, Richard"]
[Result "1-0"]
[WhiteElo "1819"]
[BlackElo "1049"]
[PlyCount "69"]
[EventDate "2019.??.??"]
[WhiteClock "0:04:59"]
[BlackClock "0:02:55"]

1. e4 e5 2. Nf3 Nf6 3. Nc3 Bb4 4. Bc4 d6 5. d3 Bxc3+ 6. bxc3 O-O 7. O-O Nc6 8.
Bg5 Qe7 9. Re1 Bg4 10. h3 Be6 11. Bb5 a6 12. Ba4 h6 13. Bh4 b5 14. Bb3 Rad8 15.
d4 Bxb3 16. Bxf6 Qxf6 17. axb3 Nb8 18. Qd3 Rfe8 19. Nh2 exd4 20. cxd4 d5 21. e5
Qg5 22. Re3 f6 23. Rg3 Qh5 24. exf6 g6 25. Rxg6+ Kf7 26. Rg3 Rg8 27. Qh7+ Ke6
28. Rxg8 Rxg8 29. Qxg8+ Kf5 30. g4+ Qxg4+ 31. Qxg4+ Kxf6 32. Re1 Nc6 33. Re6+
Kf7 34. Qg6+ Kf8 35. Re8# 1-0

[Event "msr_zs_ss_201819"]
[Site "?"]
[Date "2019.03.26"]
[Round "1.14"]
[White "Potocky, Jozef"]
[Black "Skrinar, Marek"]
[Result "0-1"]
[WhiteElo "1000"]
[BlackElo "1472"]
[PlyCount "96"]
[EventDate "2019.??.??"]
[WhiteClock "0:00:46"]
[BlackClock "0:01:20"]

1. e4 c5 2. Nf3 Nc6 3. d4 cxd4 4. Nxd4 e6 5. Bb5 a6 6. Ba4 Qa5+ 7. Nc3 b5 8.
Bb3 Be7 9. O-O Nf6 10. Bd2 Qc7 11. Nxc6 dxc6 12. Qf3 O-O 13. Bf4 Qb6 14. Qg3
Nh5 15. Qg4 Nxf4 16. Qxf4 a5 17. a4 b4 18. Ne2 Ba6 19. c4 c5 20. Ng3 h6 21.
Rad1 Bg5 22. Qe5 Bf6 23. Qf4 Bxb2 24. e5 Qc7 25. Rd6 Rfd8 26. Rfd1 Bb7 27. Nh5
Rxd6 28. exd6 Qc6 29. f3 Rd8 30. Bc2 Bd4+ 31. Kf1 Qxd6 32. Qxd6 Rxd6 33. Ke2
Rd7 34. Kf1 Bc6 35. Rd3 g6 36. Nf6+ Bxf6 37. Rxd7 Bxd7 38. Ke2 Kf8 39. Ke3 Ke7
40. g4 Bc3 41. h4 Bc6 42. g5 hxg5 43. hxg5 f5 44. gxf6+ Kxf6 45. Kf4 g5+ 46.
Kg4 Bd2 47. Kh5 Bf4 48. Bg6 Ke5 0-1

[Event "msr_zs_ss_201819"]
[Site "?"]
[Date "2019.03.26"]
[Round "1.15"]
[White "Ruzic, Patrik"]
[Black "Baca, David"]
[Result "0-1"]
[WhiteElo "1000"]
[BlackElo "1000"]
[PlyCount "104"]
[EventDate "2019.??.??"]
[WhiteClock "0:00:25"]
[BlackClock "0:01:01"]

1. e4 e5 2. Qh5 g6 3. Qf3 Nc6 4. Nc3 Nf6 5. Qe3 b6 6. b3 Bc5 7. Qe2 O-O 8. Nf3
d6 9. g3 Bg4 10. Bg2 Bxf3 11. Bxf3 Nd4 12. Qd1 Nxf3+ 13. Qxf3 Bd4 14. O-O b5
15. Ba3 c5 16. b4 a5 17. bxc5 dxc5 18. Rab1 b4 19. Nd5 Nxd5 20. exd5 bxa3 21.
Qe4 f5 22. Qh4 Qxd5 23. c3 Qxa2 24. cxd4 cxd4 25. Qh6 e4 26. Qf4 Rac8 27. h3 d3
28. f3 Qc2 29. fxe4 fxe4 30. Qh6 Rxf1+ 31. Rxf1 a2 32. Qe3 Qb2 33. g4 a1=Q 34.
Rxa1 Qxa1+ 35. Kg2 a4 36. h4 a3 37. Qg1 Qxg1+ 38. Kxg1 a2 39. h5 gxh5 40. gxh5
a1=Q+ 41. Kg2 Qa2 42. h6 e3 43. Kf1 exd2 44. Kf2 d1=R+ 45. Kf3 d2 46. Kg4 Re1
47. Kf4 Re7 48. Kg3 Rf7 49. Kg4 Qe6+ 50. Kg3 Rf5 51. Kg2 Qg6+ 52. Kh2 Rh5# 0-1

[Event "msr_zs_ss_201819"]
[Site "?"]
[Date "2019.03.26"]
[Round "1.16"]
[White "Kridlova, Barbora"]
[Black "Brasenova, Ivana"]
[Result "1-0"]
[WhiteElo "1019"]
[BlackElo "1000"]
[PlyCount "63"]
[EventDate "2019.??.??"]
[WhiteClock "0:01:58"]
[BlackClock "0:04:31"]

1. e4 e6 2. Nf3 d5 3. e5 Nh6 4. Bd3 c5 5. c4 d4 6. O-O Nc6 7. Re1 Be7 8. a3 Nf5
9. Bxf5 exf5 10. b4 f6 11. exf6 gxf6 12. bxc5 O-O 13. Nh4 f4 14. d3 f5 15. Bxf4
Bxh4 16. Nd2 Qa5 17. Bd6 Be7 18. Bxe7 Nxe7 19. Rxe7 Qxc5 20. Re1 Bd7 21. Nb3
Qb6 22. c5 Qb5 23. Re5 Rfe8 24. Rd5 Bc8 25. Nxd4 Qb2 26. Nxf5 Bxf5 27. Rxf5 Qd4
28. Rg5+ Kf7 29. Rb1 Rf8 30. Rxb7+ Ke6 31. Qe2+ Kf6 32. Qe7# 1-0

[Event "msr_zs_ss_201819"]
[Site "?"]
[Date "2019.03.27"]
[Round "2.1"]
[White "Simonova, Stela"]
[Black "Ondo, Tomas"]
[Result "0-1"]
[WhiteElo "1422"]
[BlackElo "1844"]
[PlyCount "84"]
[EventDate "2019.??.??"]
[WhiteClock "0:00:16"]
[BlackClock "0:00:39"]

1. Nf3 d5 2. g3 Bf5 3. Bg2 e6 4. O-O h5 5. d3 h4 6. Nxh4 Rxh4 7. gxh4 Qxh4 8.
Nd2 Bd6 9. Nf3 Qh7 10. Bg5 Bg4 11. h3 Bxh3 12. Bxh3 Qxh3 13. Qd2 f6 14. Be3 g5
15. Bxg5 Qg4+ 16. Kh1 fxg5 17. Qxg5 Qh3+ 18. Kg1 Ne7 19. Qh4 Qxh4 20. Nxh4 Nbc6
21. Nf3 O-O-O 22. Rfd1 Rg8+ 23. Kf1 Nf5 24. e4 Nh6 25. Ke2 dxe4 26. dxe4 Rg4
27. Nd2 Nd4+ 28. Kd3 e5 29. c3 Ne6 30. Rg1 Nf4+ 31. Kc2 Bc5 32. Rxg4 Nxg4 33.
f3 Ne3+ 34. Kb3 b5 35. a4 c6 36. axb5 cxb5 37. Ra6 Kb7 38. Rh6 Nd3 39. Rh7+ Kc6
40. Rh6+ Bd6 41. c4 Nc1+ 42. Kc3 b4# 0-1

[Event "msr_zs_ss_201819"]
[Site "?"]
[Date "2019.03.27"]
[Round "2.2"]
[White "Ihnat, Marek"]
[Black "Lopata, Daniel"]
[Result "1-0"]
[WhiteElo "1753"]
[BlackElo "1519"]
[PlyCount "105"]
[EventDate "2019.??.??"]
[WhiteClock "0:00:16"]
[BlackClock "0:00:13"]

1. e4 c5 2. Nc3 Nc6 3. Nf3 g6 4. d4 cxd4 5. Nxd4 Bg7 6. Be3 Nf6 7. Bc4 O-O 8.
Bb3 a6 9. f3 d6 10. Qd2 Bd7 11. O-O-O b5 12. g4 b4 13. Nd5 a5 14. Nxf6+ Bxf6
15. Bd5 Rc8 16. Nxc6 Bxc6 17. Bxc6 Rxc6 18. h4 Qc7 19. h5 Rc8 20. Rh2 a4 21.
Kb1 a3 22. b3 Bc3 23. Qd3 Bg7 24. hxg6 hxg6 25. Bd4 Bxd4 26. Qxd4 e5 27. Qd2
Kf8 28. Rc1 Rc3 29. Qh6+ Ke7 30. Qg5+ Kd7 31. Qf6 Rf8 32. Rh7 Kc8 33. Rh8 Rxh8
34. Qxh8+ Kb7 35. Qf6 Qd7 36. Rd1 Qc7 37. Rd2 Kb6 38. Rxd6+ Kb7 39. Rd2 Rc6 40.
Qg5 Rc3 41. Qf6 Rc6 42. Qh4 Rc3 43. Qf2 Qc6 44. Qe2 Qb6 45. Rd7+ Kc8 46. Qd1
Qc6 47. Rd8+ Kb7 48. Rd7+ Ka8 49. Rxf7 Qc8 50. Qd5+ Kb8 51. Qb5+ Ka8 52. Qa5+
Kb8 53. Qa7# 1-0

[Event "msr_zs_ss_201819"]
[Site "?"]
[Date "2019.03.27"]
[Round "2.3"]
[White "Seman, Lukas"]
[Black "Polak, Marcel"]
[Result "0-1"]
[WhiteElo "1361"]
[BlackElo "1550"]
[PlyCount "84"]
[EventDate "2019.??.??"]
[WhiteClock "0:00:06"]
[BlackClock "0:02:57"]

1. e4 c5 2. Nf3 e6 3. d4 cxd4 4. Nxd4 Nc6 5. Nc3 Qc7 6. Nf3 a6 7. Bd3 Nf6 8.
Bg5 Be7 9. O-O O-O 10. a3 b5 11. Re1 h6 12. Bh4 Bb7 13. Qd2 Rfd8 14. h3 d5 15.
e5 Nd7 16. Bxe7 Nxe7 17. Rad1 Nc5 18. Ne2 Rac8 19. Ned4 Na4 20. c3 Nc6 21. Nxc6
Qxc6 22. Nd4 Qc7 23. Rb1 Nc5 24. Bc2 Nd7 25. f4 Qc5 26. Kh1 Nb6 27. Qd3 g6 28.
Nb3 Qc4 29. Qxc4 Nxc4 30. Nd4 Nd2 31. Rbc1 Kg7 32. Red1 Nc4 33. Nb3 Nxb2 34.
Rf1 Rxc3 35. Bb1 Rxc1 36. Rxc1 Na4 37. Na5 Ba8 38. Kh2 d4 39. Bd3 Nb2 40. Bb1
d3 41. Nb3 d2 42. Rf1 d1=Q 0-1

[Event "msr_zs_ss_201819"]
[Site "?"]
[Date "2019.03.27"]
[Round "2.4"]
[White "Majirska, Karin"]
[Black "Varga, Damian"]
[Result "0-1"]
[WhiteElo "1478"]
[BlackElo "1000"]
[PlyCount "80"]
[EventDate "2019.??.??"]
[WhiteClock "0:00:27"]
[BlackClock "0:00:54"]

1. c4 Nf6 2. d4 e6 3. Nf3 d5 4. c5 Be7 5. Bf4 O-O 6. Nc3 c6 7. g3 Qd7 8. Ne5
Qe8 9. Bg2 Bd8 10. O-O Nbd7 11. Qd3 Nh5 12. Qf3 Nxf4 13. Qxf4 Nxe5 14. Qxe5 Qe7
15. Rad1 Bc7 16. Qe3 Bd7 17. Qd3 e5 18. e4 Rad8 19. Rfe1 Rfe8 20. exd5 cxd5 21.
Nxd5 Qg5 22. Nxc7 Re7 23. Nd5 Ree8 24. Nc3 Bf5 25. Be4 Rxd4 26. Qc2 Bg4 27.
Rxd4 exd4 28. Nb5 Bf5 29. Nd6 Bxe4 30. Rxe4 Rxe4 31. Nxe4 Qd5 32. a3 d3 33. Qa4
h6 34. Qe8+ Kh7 35. Nd6 d2 36. Qe4+ Qxe4 37. Nxe4 d1=Q+ 38. Kg2 Qd5 39. Kf3 f5
40. Kf4 Qxe4# 0-1

[Event "msr_zs_ss_201819"]
[Site "?"]
[Date "2019.03.27"]
[Round "2.5"]
[White "Volcko, Richard"]
[Black "Angelovic, Adrian"]
[Result "1-0"]
[WhiteElo "1835"]
[BlackElo "1822"]
[PlyCount "101"]
[EventDate "2019.??.??"]
[WhiteClock "0:00:33"]
[BlackClock "0:00:20"]

1. e4 e6 2. d4 d5 3. Nc3 Bb4 4. e5 c5 5. Bd2 Ne7 6. a3 Bxc3 7. bxc3 c4 8. Qg4
O-O 9. f4 f5 10. exf6 Rxf6 11. Qe2 Nbc6 12. Nf3 Bd7 13. g3 Nf5 14. Bh3 h6 15.
O-O Nd6 16. Ne5 Ne4 17. Be1 Nxe5 18. fxe5 Rxf1+ 19. Bxf1 Ng5 20. Bg2 Qf8 21. h4
Nh7 22. Bd2 Qe7 23. Qg4 Rf8 24. Bxh6 Kh8 25. Be3 Rf5 26. Qe2 Be8 27. Bh3 Bh5
28. Bg4 Bxg4 29. Qxg4 Qf7 30. Kg2 Rh5 31. Rf1 Rf5 32. Rxf5 exf5 33. Qd1 Nf8 34.
g4 f4 35. Qf3 Ng6 36. Bf2 Qe7 37. h5 Nh4+ 38. Bxh4 Qxh4 39. Qxf4 Qe1 40. Qf3
Qd2+ 41. Kg3 Qe1+ 42. Kh3 Qd2 43. Kh4 Qe1+ 44. Kg5 Qd2+ 45. Kg6 Qh6+ 46. Kf7
Qh7 47. Ke7 Qxc2 48. Qf8+ Kh7 49. Qf5+ Qxf5 50. gxf5 Kh6 51. f6 1-0

[Event "msr_zs_ss_201819"]
[Site "?"]
[Date "2019.03.27"]
[Round "2.6"]
[White "Matlak, Benjamin"]
[Black "Ferkova, Dominika"]
[Result "0-1"]
[WhiteElo "1000"]
[BlackElo "1766"]
[PlyCount "62"]
[EventDate "2019.??.??"]
[WhiteClock "0:04:47"]
[BlackClock "0:08:15"]

1. d3 d5 2. f4 c5 3. c3 Nc6 4. Nf3 e6 5. Na3 Bd6 6. f5 exf5 7. h4 Bg3+ 8. Kd2
d4 9. Rh3 f4 10. b3 Qa5 11. Kc2 Qxc3+ 12. Kb1 Nf6 13. Qd2 Qxd2 14. Bxd2 Bxh3
15. gxh3 Nd5 16. Ng5 O-O 17. Nf3 Rfe8 18. Nb5 Rad8 19. a4 a6 20. Na7 Nxa7 21.
Ba5 b6 22. Bd2 Nc6 23. Ng5 h6 24. Nf3 Ne3 25. Kb2 Nxf1 26. Rxf1 Rxe2 27. h5
Rde8 28. Kc1 Ne5 29. Be1 Nxf3 30. Rxf3 Rxe1+ 31. Kd2 R8e2# 0-1

[Event "msr_zs_ss_201819"]
[Site "?"]
[Date "2019.03.27"]
[Round "2.7"]
[White "Billy, Benedikt"]
[Black "Polackova, Eva"]
[Result "1-0"]
[WhiteElo "1414"]
[BlackElo "1000"]
[PlyCount "87"]
[EventDate "2019.??.??"]
[WhiteClock "0:09:48"]
[BlackClock "0:07:31"]

1. e4 e5 2. Nf3 Nc6 3. Bb5 Nf6 4. Nc3 d6 5. Bxc6+ bxc6 6. O-O Be7 7. h3 O-O 8.
d3 d5 9. Bg5 d4 10. Ne2 c5 11. Nxe5 Bd6 12. Nc4 Be6 13. Nxd6 Qxd6 14. Bxf6 g6
15. Qd2 Bd7 16. Qh6 Qxf6 17. Qf4 Qc6 18. b3 a5 19. a4 Be6 20. Qe5 f6 21. Qg3 c4
22. bxc4 Bxc4 23. Nxd4 Qc5 24. dxc4 Qxd4 25. Qd3 Qc5 26. Qd5+ Kh8 27. Qxc5 Rfd8
28. Qxc7 Kg8 29. Rad1 Rxd1 30. Rxd1 Re8 31. Rd8 Rf8 32. Rxf8+ Kxf8 33. Qxa5 Ke8
34. c5 Kd7 35. Qb6 h5 36. a5 g5 37. a6 g4 38. a7 Ke7 39. a8=Q Kf7 40. Qab7+ Kg6
41. Qe6 Kg5 42. Qbd5+ Kg6 43. Qdf5+ Kh6 44. Qexf6# 1-0

[Event "msr_zs_ss_201819"]
[Site "?"]
[Date "2019.03.27"]
[Round "2.8"]
[White "Risko, Jan"]
[Black "Roman, Filip"]
[Result "0-1"]
[WhiteElo "1000"]
[BlackElo "1316"]
[PlyCount "45"]
[EventDate "2019.??.??"]
[WhiteClock "0:04:53"]
[BlackClock "0:06:15"]

1. d3 d5 2. d4 Nc6 3. Be3 Nf6 4. Nf3 Bg4 5. Nh4 e5 6. Bd2 exd4 7. g3 Bc5 8. Bf4
h6 9. Bg2 g5 10. Be5 Nxe5 11. Nd2 gxh4 12. gxh4 Qd7 13. Nb3 Qd6 14. c3 dxc3 15.
bxc3 O-O-O 16. O-O Rhg8 17. c4 dxc4 18. Qc1 cxb3 19. axb3 Bh3 20. Re1 Rxg2+ 21.
Kh1 Qd5 22. Qg5 Rxg5+ 23. f3 0-1